| 000 | 01249nam a2200373 i 4500 | ||
|---|---|---|---|
| 001 | 6726 | ||
| 003 | KOSZ 005 | ||
| 005 | 20191109094808.0 | ||
| 008 | 961010s1994 pl a f f |000 0 pol d | ||
| 040 |
_cKOSZ 005 _aKOSZ 005 _dKOSZ 005/HR |
||
| 041 | 0 | _apol | |
| 046 | _k1993 | ||
| 080 | _a159.9 | ||
| 080 | _a(075.8) | ||
| 100 | 1 |
_aNiewiadomski, Krzysztof _c(psycholog) _eAutor |
|
| 245 | 1 | 0 |
_aPsychologia : _bmateriały do ćwiczeń / _cKrzysztof J. Niewiadomski ; Politechnika Częstochowska. |
| 250 | _aWyd.2 popr. i uzup. | ||
| 260 |
_aCzęstochowa : _bWydaw. PC, _c1994. |
||
| 300 |
_a95 s. : _brys. ; _c24 cm. |
||
| 336 |
_2rdacontent _aTekst _btxt |
||
| 337 |
_2rdamedia _aBez urządzenia pośredniczącego _bn |
||
| 338 |
_2rdacarrier _aWolumin _bnc |
||
| 380 | _aKsiążki | ||
| 380 | _aPublikacje dydaktyczne | ||
| 385 |
_mPoziom nauczania _aSzkoły wyższe |
||
| 388 | _a1901-2000 | ||
| 388 | _a1989-2000 | ||
| 504 | _aBibliogr. s. 95. | ||
| 650 | 7 | _aPsychologia | |
| 655 | 7 | _aPodręczniki akademickie | |
| 710 | 2 |
_aWydawnictwo Politechniki Częstochowskiej _4pbl |
|
| 856 |
_uhttp://koha.tu.koszalin.pl/cgi-bin/koha/opac-detail.pl?biblionumber=6726 _yKatalog online BPK |
||
| 942 |
_cKS _2UKD |
||
| 999 |
_c6726 _d6726 |
||